[Event "SR 2. liga A 2015/2016"]
[Site "?"]
[Date "2015.12.06"]
[Round "6.3"]
[White "Klemanic, Emil"]
[Black "Bednar, Jan"]
[Result "1/2-1/2"]
[WhiteElo "2154"]
[BlackElo "2107"]
[PlyCount "64"]
[EventDate "2015.??.??"]

1. e4 c5 2. Nc3 Nc6 3. g3 g6 4. Bg2 Bg7 5. d3 d6 6. f4 e6 7. Nf3 Nge7 8. O-O
O-O 9. Be3 a6 10. Qd2 b5 11. e5 Nd5 12. Bf2 dxe5 13. Bxc5 exf4 14. Bxf8 Qxf8
15. Nxd5 exd5 16. Qxf4 Be6 17. d4 Qb4 18. c3 Qxb2 19. Rae1 Qxc3 20. Rd1 h6 21.
h4 Rc8 22. Kh2 Qa5 23. Rf2 Qd8 24. Rc2 Nb4 25. Rxc8 Qxc8 26. Rc1 Qd8 27. Qd2
Qa5 28. Qc3 Qa4 29. Qc7 Qxa2 30. Qb8+ Kh7 31. Rc7 Nd3 32. Ra7 Nf2 1/2-1/2

[Event "SR 2. liga A 2015/2016"]
[Site "?"]
[Date "2015.12.06"]
[Round "6.3"]
[White "Nemsak, Denis"]
[Black "Gabris, Ondrej"]
[Result "1/2-1/2"]
[WhiteElo "2107"]
[BlackElo "2213"]
[PlyCount "83"]
[EventDate "2015.??.??"]

1. c4 Nf6 2. Nc3 g6 3. e4 d6 4. d4 Bg7 5. f4 O-O 6. Nf3 c5 7. d5 e6 8. Be2 exd5
9. cxd5 Bg4 10. O-O Nbd7 11. h3 Bxf3 12. Bxf3 Ne8 13. g4 Nc7 14. g5 h6 15. h4
hxg5 16. hxg5 f6 17. gxf6 Qxf6 18. e5 Qh4 19. Kg2 dxe5 20. Rh1 Qd8 21. d6 Ne6
22. Qd5 Re8 23. Bg4 Qf6 24. Qxb7 Nb6 25. d7 Reb8 26. Nd5 Rxb7 27. Nxf6+ Bxf6
28. Bxe6+ Kg7 29. fxe5 Bxe5 30. Rf1 Bf6 31. Bg5 Nxd7 32. Rf2 Rf8 33. Raf1 Bxg5
34. Rf7+ Rxf7 35. Rxf7+ Kh6 36. Rxd7 Rxb2+ 37. Kf3 a5 38. Rc7 Rb6 39. Bg8 Rf6+
40. Kg4 Rf4+ 41. Kg3 Bd8 42. Rxc5 1/2-1/2

[Event "SR 2. liga A 2015/2016"]
[Site "?"]
[Date "2015.12.06"]
[Round "6.3"]
[White "Madar, Martin"]
[Black "Petrik, Karol"]
[Result "0-1"]
[WhiteElo "2110"]
[BlackElo "2073"]
[PlyCount "62"]
[EventDate "2015.??.??"]

1. e4 d5 2. exd5 Qxd5 3. d4 Nf6 4. Nc3 Qd6 5. Bd3 g6 6. Nge2 a6 7. Bf4 Qd8 8.
Qd2 Bg7 9. Bh6 Bxh6 10. Qxh6 Nc6 11. O-O-O Qd6 12. f3 Bd7 13. Ne4 Nxe4 14. fxe4
Nb4 15. c3 Nxd3+ 16. Rxd3 Qe6 17. b3 Qxe4 18. Re3 Qxg2 19. Re1 e6 20. Nf4 Qxa2
21. Nxe6 Qa3+ 22. Kc2 fxe6 23. Rxe6+ Bxe6 24. Rxe6+ Kd7 25. Qh3 Kd8 26. Qh4+
Kc8 27. Qe4 Kb8 28. Qe5 Rc8 29. d5 Qa2+ 30. Kc1 Rd8 31. b4 Qxd5 0-1

[Event "SR 2. liga A 2015/2016"]
[Site "?"]
[Date "2015.12.06"]
[Round "6.3"]
[White "Krajnak, Robert"]
[Black "Janos, Ivan"]
[Result "1/2-1/2"]
[WhiteElo "2059"]
[BlackElo "2057"]
[PlyCount "67"]
[EventDate "2015.??.??"]

1. c4 Nf6 2. Nc3 d6 3. Nf3 e5 4. g3 c6 5. Bg2 Be7 6. d3 O-O 7. O-O h6 8. c5 Re8
9. cxd6 Bxd6 10. Nd2 Be6 11. a3 Nd5 12. Nc4 Bc7 13. Qc2 Nd7 14. b4 Rc8 15. Bb2
b5 16. Nd2 Bb6 17. Nb3 f5 18. Rac1 N5f6 19. Qd1 Qe7 20. Nb1 Bd5 21. Bh3 Qf7 22.
Nc5 Bxc5 23. bxc5 Qh5 24. Bg2 f4 25. e4 fxe3 26. Qxh5 exf2+ 27. Rxf2 Nxh5 28.
Bxd5+ cxd5 29. c6 Ndf6 30. Rf5 d4 31. Rc5 g6 32. Rfxe5 Rxe5 33. Rxe5 Rxc6 34.
Rxb5 1/2-1/2

[Event "SR 2. liga A 2015/2016"]
[Site "?"]
[Date "2015.12.06"]
[Round "6.3"]
[White "Michal, Silvio"]
[Black "Goga, Frantisek"]
[Result "1-0"]
[WhiteElo "2115"]
[BlackElo "1985"]
[PlyCount "103"]
[EventDate "2015.??.??"]

1. c4 Nf6 2. d4 g6 3. Nc3 Bg7 4. e4 d6 5. f4 O-O 6. Nf3 c5 7. d5 e6 8. dxe6
Bxe6 9. Be2 Nc6 10. O-O a6 11. Ng5 Nd4 12. Nxe6 Nxe2+ 13. Qxe2 fxe6 14. Be3 Qe7
15. Rad1 Rad8 16. Bc1 Rf7 17. Rd3 Rdf8 18. g3 Ne8 19. Rfd1 Bd4+ 20. Be3 Bg7 21.
a3 Qc7 22. Qc2 Qc6 23. R3d2 b5 24. Qd3 b4 25. axb4 cxb4 26. Ne2 e5 27. Ra1 Nf6
28. c5 Qxe4 29. cxd6 Rd7 30. fxe5 Qxd3 31. Rxd3 Ne4 32. e6 Rxd6 33. Rxd6 Nxd6
34. Bc5 Re8 35. Rxa6 Rxe6 36. Nf4 Re1+ 37. Kf2 Ne4+ 38. Kxe1 Nxc5 39. Ra8+ Kf7
40. Ra7+ Kg8 41. Rc7 Bd4 42. Kd2 g5 43. Nd5 b3 44. Ne7+ Kf8 45. Nf5 Bg1 46. Kc3
h5 47. Kc4 Ne6 48. Rh7 Bxh2 49. Kd5 Kg8 50. Rxh5 Bxg3 51. Kxe6 Bf4 52. Rh3 1-0

[Event "SR 2. liga A 2015/2016"]
[Site "?"]
[Date "2015.12.06"]
[Round "6.3"]
[White "Orosi, Peter"]
[Black "Gazi, Mikulas"]
[Result "1-0"]
[WhiteElo "2017"]
[BlackElo "2067"]
[PlyCount "94"]
[EventDate "2015.??.??"]

1. e4 c5 2. c3 e5 3. Bc4 Nc6 4. Nf3 Be7 5. O-O Nf6 6. Re1 O-O 7. d4 exd4 8. e5
Ne8 9. cxd4 d5 10. exd6 Nxd6 11. Bd5 Nxd4 12. Nxd4 cxd4 13. Qxd4 Bf6 14. Qf4
Qa5 15. Nc3 Bxc3 16. bxc3 Qxd5 17. Ba3 Nc4 18. Bxf8 Kxf8 19. Rad1 Qa5 20. Qxc4
Be6 21. Qb4+ Qxb4 22. cxb4 Bxa2 23. Rd7 b6 24. Ra1 Ke8 25. Rb7 Bd5 26. Rbxa7
Rc8 27. Re1+ Be6 28. Rb7 Rc6 29. b5 Rd6 30. Ra1 Bd7 31. f3 Kd8 32. Ra8+ Ke7 33.
Rab8 h5 34. Rxb6 Rd1+ 35. Kf2 h4 36. R8b7 Rd2+ 37. Kf1 Rd1+ 38. Ke2 Rb1 39. Ra6
Ke8 40. Ra8+ Ke7 41. Raa7 Rb2+ 42. Ke3 Rb3+ 43. Kd4 Rb2 44. Rxd7+ Ke6 45. Re7+
Kf6 46. Rxf7+ Ke6 47. Rxg7 Rxb5 1-0

[Event "SR 2. liga A 2015/2016"]
[Site "?"]
[Date "2015.12.06"]
[Round "6.3"]
[White "Syrovy, Ivan"]
[Black "Tomanek, Rafael"]
[Result "1/2-1/2"]
[WhiteElo "1983"]
[BlackElo "1953"]
[PlyCount "79"]
[EventDate "2015.??.??"]

1. e4 Nf6 2. e5 Nd5 3. Nc3 e6 4. Nxd5 exd5 5. Qf3 c6 6. d4 d6 7. Bd3 dxe5 8.
dxe5 g6 9. Qg3 Bg7 10. f4 f5 11. Nf3 Nd7 12. Bxf5 Nxe5 13. Bxc8 Nxf3+ 14. Qxf3
Qxc8 15. O-O O-O 16. c3 Qd7 17. Be3 b6 18. Rad1 Rae8 19. Rfe1 Qf5 20. g3 Re4
21. Bc1 Rfe8 22. Rxe4 Rxe4 23. Qf2 Qe6 24. Kf1 Bf8 25. b4 Bg7 26. Bb2 h5 27.
Re1 Kf7 28. Re2 Rxe2 29. Qxe2 Qxe2+ 30. Kxe2 Ke6 31. h3 b5 32. g4 Bf8 33. Kd3
Bd6 34. Bc1 c5 35. bxc5 Bxc5 36. Be3 Bd6 37. Kd4 Bc7 38. f5+ gxf5 39. gxf5+
Kxf5 40. Kxd5 1/2-1/2

[Event "SR 2. liga A 2015/2016"]
[Site "?"]
[Date "2015.12.06"]
[Round "6.3"]
[White "Machalec, Vladimir"]
[Black "Hartl, Jan"]
[Result "1-0"]
[WhiteElo "1802"]
[BlackElo "2025"]
[PlyCount "89"]
[EventDate "2015.??.??"]

1. c4 Nf6 2. Nc3 e6 3. e4 d6 4. d4 Be7 5. Nf3 O-O 6. Be2 c5 7. d5 exd5 8. exd5
h6 9. O-O Re8 10. h3 Na6 11. a3 Nc7 12. Bf4 a6 13. b4 b6 14. Rb1 a5 15. b5 Bf8
16. Bd3 g6 17. Qc2 Bg7 18. Bxg6 fxg6 19. Qxg6 Qd7 20. Bxh6 Qf7 21. Qg5 Kh7 22.
Qh4 Qh5 23. Bxg7 Qxh4 24. Nxh4 Kxg7 25. Rbe1 Bd7 26. f4 Kf7 27. f5 Rg8 28. Re3
Rae8 29. Rfe1 Rxe3 30. Rxe3 Rg5 31. Rf3 Kg7 32. Kh2 Kf7 33. Rf4 Rg8 34. g4 Re8
35. Ng2 Re5 36. g5 Nfxd5 37. g6+ Kg7 38. cxd5 Bxf5 39. Nh4 Bxg6 40. Rg4 Re3 41.
Rxg6+ Kf8 42. Rg3 Re1 43. Nf5 Ne8 44. Rf3 Kg8 45. Re3 1-0

[Event "SR 2. liga A 2015/2016"]
[Site "?"]
[Date "2015.12.06"]
[Round "6.4"]
[White "Bronis, Marian"]
[Black "Balogh, Peter"]
[Result "1/2-1/2"]
[WhiteElo "2125"]
[BlackElo "2132"]
[PlyCount "25"]
[EventDate "2015.??.??"]

1. d4 Nf6 2. c4 c5 3. e3 g6 4. d5 e6 5. Nc3 exd5 6. cxd5 d6 7. Nf3 Bg7 8. Be2
O-O 9. O-O a6 10. a4 Bg4 11. h3 Bxf3 12. Bxf3 Nbd7 13. Be2 1/2-1/2

[Event "SR 2. liga A 2015/2016"]
[Site "?"]
[Date "2015.12.06"]
[Round "6.4"]
[White "Takacs, Laszlo"]
[Black "Sukuba, Zdeno"]
[Result "1-0"]
[WhiteElo "2183"]
[BlackElo "2130"]
[PlyCount "109"]
[EventDate "2015.??.??"]

1. e4 c6 2. d4 d5 3. e5 Bf5 4. h4 Na6 5. c3 Qb6 6. g4 Bd7 7. Na3 e6 8. Nc2 c5
9. f4 h5 10. g5 g6 11. Nf3 c4 12. Ne3 Qc6 13. f5 exf5 14. Ng2 Nc7 15. Be3 Ne6
16. Qd2 b5 17. Be2 Ne7 18. O-O Nc8 19. b3 Nb6 20. a4 bxa4 21. bxc4 Nxc4 22. Qa2
Rc8 23. Rfc1 Nc7 24. Nd2 a3 25. Nxc4 dxc4 26. Qxc4 Qe4 27. Qd3 Qxd3 28. Bxd3
Nd5 29. Bd2 a5 30. Ne3 Nf4 31. Bf1 Be6 32. c4 Bb4 33. Bxb4 axb4 34. Rcb1 O-O
35. Rxb4 Rfd8 36. d5 Bxd5 37. cxd5 Nxd5 38. Nxd5 Rxd5 39. Rxa3 Rxe5 40. Ra1
Rce8 41. Kf2 Kg7 42. Ra7 R5e7 43. Ra2 Re4 44. Raa4 R4e7 45. Rd4 Rb8 46. Ra2 Rc8
47. Rad2 Rce8 48. Bg2 Rc8 49. Rd7 Rc7 50. Rd8 Rc4 51. Rb8 f6 52. Rdd8 Rf4+ 53.
Bf3 fxg5 54. hxg5 h4 55. Kg2 1-0

[Event "SR 2. liga A 2015/2016"]
[Site "?"]
[Date "2015.12.06"]
[Round "6.4"]
[White "Kalmar, Tamas"]
[Black "Petreje, Juraj"]
[Result "1-0"]
[WhiteElo "2008"]
[BlackElo "2070"]
[PlyCount "121"]
[EventDate "2015.??.??"]

1. d4 Nf6 2. c4 g6 3. Nc3 Bg7 4. e4 d6 5. f3 Nc6 6. Be3 e5 7. Nge2 O-O 8. Qd2
Ne8 9. d5 Ne7 10. Nc1 f5 11. Be2 Nf6 12. Nd3 Rf7 13. c5 Kh8 14. b4 Neg8 15. Bg5
Qf8 16. Rf1 Bd7 17. Be3 fxe4 18. fxe4 Bg4 19. a4 Bxe2 20. Qxe2 Bh6 21. h3 Qe7
22. g4 Bxe3 23. Qxe3 Kg7 24. Ke2 a6 25. Rf2 Raf8 26. Raf1 Ne8 27. Rxf7+ Rxf7
28. Rxf7+ Qxf7 29. Qf3 Qe7 30. Qf2 Nh6 31. Nb2 Qg5 32. Qe3 Kf6 33. Nc4 Nf7 34.
Kf3 h5 35. Qxg5+ Kxg5 36. gxh5 gxh5 37. Kg3 h4+ 38. Kf3 Kh5 39. Na5 Nd8 40. c6
b6 41. Nc4 Nf7 42. a5 bxa5 43. bxa5 Nf6 44. Ke3 Kg6 45. Kf3 Ng5+ 46. Ke3 Nxh3
47. Nxd6 Ng5 48. Nf5 h3 49. d6 h2 50. Ng3 Ne6 51. d7 Kg5 52. Nd5 Ng4+ 53. Kf3
Nd4+ 54. Kg2 Nxc6 55. Nxc7 Kf6 56. Nf5 Kf7 57. Nxa6 Nf6 58. Nb8 Nxd7 59. Nxc6
Nc5 60. Nb4 Kf6 61. a6 1-0

[Event "SR 2. liga A 2015/2016"]
[Site "?"]
[Date "2015.12.06"]
[Round "6.4"]
[White "Povysil, Peter"]
[Black "Veselsky, Jozef"]
[Result "0-1"]
[WhiteElo "1993"]
[BlackElo "2080"]
[PlyCount "70"]
[EventDate "2015.??.??"]

1. Nf3 d5 2. e3 g6 3. c4 c6 4. Nc3 Nf6 5. b3 Bg7 6. Bb2 O-O 7. Be2 Bf5 8. O-O
Nbd7 9. d4 Re8 10. Nh4 Be6 11. Qd3 dxc4 12. bxc4 Nb6 13. c5 Bc4 14. Qc2 Bxe2
15. Qxe2 Nbd5 16. Nf3 Qa5 17. Rfc1 Rad8 18. Rab1 Qc7 19. g3 Nxc3 20. Bxc3 Ne4
21. Ba1 Rd5 22. Kg2 Qd7 23. h3 Rh5 24. g4 Rd5 25. Ne5 Bxe5 26. dxe5 Rd2 27. Qc4
Rxf2+ 28. Kg1 Nd2 29. Qb4 Re2 30. Qf4 Qd5 31. e4 Rxe4 32. Qf2 Qd3 33. e6 Rxe6
34. Rxb7 Re2 35. Qf4 Nf3+ 0-1

[Event "SR 2. liga A 2015/2016"]
[Site "?"]
[Date "2015.12.06"]
[Round "6.4"]
[White "Darazs, Zoltan"]
[Black "Kebis, Milos"]
[Result "1-0"]
[WhiteElo "2157"]
[BlackElo "1960"]
[PlyCount "115"]
[EventDate "2015.??.??"]

1. e4 e5 2. Nf3 Nc6 3. Bb5 Nf6 4. d4 exd4 5. O-O Be7 6. Re1 O-O 7. e5 Nd5 8.
Nxd4 Nxd4 9. Qxd4 c6 10. Bc4 Nb6 11. Bd3 d5 12. f4 c5 13. Qf2 c4 14. Bf1 Bf5
15. Be3 f6 16. Bd4 fxe5 17. Bxe5 Rc8 18. Nc3 Bf6 19. Rad1 Be7 20. Bd4 Bb4 21.
Re5 Bd6 22. Ree1 Bg4 23. Qg3 Qd7 24. Be2 Rxf4 25. Bxg4 Rxg4 26. Qh3 Qf5 27.
Bxb6 axb6 28. Rxd5 Bc5+ 29. Kh1 Qf2 30. Rde5 Rf8 31. g3 Rg6 32. Qg2 Qxg2+ 33.
Kxg2 Rf2+ 34. Kh1 h6 35. R5e2 Rxe2 36. Rxe2 Rf6 37. Kg2 Kf7 38. Ne4 Re6 39. Kf3
Be7 40. Rd2 Ke8 41. Rd4 b5 42. Rd5 Rb6 43. Ke3 b4 44. Kd4 Rc6 45. Rb5 b6 46.
Rd5 Kf7 47. g4 Ke6 48. Re5+ Kd7 49. Kd5 Rc8 50. Re6 Bd8 51. Rg6 c3 52. Rxg7+
Ke8 53. bxc3 bxc3 54. Nd6+ Kf8 55. Nxc8 Kxg7 56. Kc6 Kg6 57. a4 Kg5 58. Nxb6
1-0

[Event "SR 2. liga A 2015/2016"]
[Site "?"]
[Date "2015.12.06"]
[Round "6.4"]
[White "Faltan, Peter"]
[Black "Marosi, Csaba"]
[Result "1/2-1/2"]
[WhiteElo "1970"]
[BlackElo "2020"]
[PlyCount "44"]
[EventDate "2015.??.??"]

1. d4 e6 2. c4 d5 3. Nc3 c5 4. e3 cxd4 5. exd4 Nf6 6. Nf3 a6 7. Bf4 dxc4 8.
Bxc4 b5 9. Bb3 Bb7 10. Be3 Be7 11. O-O O-O 12. Ne5 Nbd7 13. a3 Nb6 14. Qe2 Nbd5
15. Nxd5 Bxd5 16. Bxd5 Qxd5 17. Rac1 Rfc8 18. Rc2 Qb7 19. Rfc1 Nd5 20. Qf3 Bf6
21. Ng4 Be7 22. Ne5 Bf6 1/2-1/2

[Event "SR 2. liga A 2015/2016"]
[Site "?"]
[Date "2015.12.06"]
[Round "6.4"]
[White "Szitasi, Janos"]
[Black "Zacka, Ladislav"]
[Result "1/2-1/2"]
[WhiteElo "1989"]
[BlackElo "1747"]
[PlyCount "26"]
[EventDate "2015.??.??"]

1. e4 c5 2. Nf3 d6 3. d4 cxd4 4. Nxd4 a6 5. Nc3 Nf6 6. Bc4 e6 7. Bb3 Be7 8. O-O
O-O 9. a4 Bd7 10. h3 Nc6 11. Be3 Rc8 12. Qe2 Nxd4 13. Bxd4 Bc6 1/2-1/2

[Event "SR 2. liga A 2015/2016"]
[Site "?"]
[Date "2015.12.06"]
[Round "6.5"]
[White "Janos, Martin"]
[Black "Sosovicka, Juraj"]
[Result "1/2-1/2"]
[WhiteElo "2248"]
[BlackElo "2174"]
[PlyCount "73"]
[EventDate "2015.??.??"]

1. e4 e5 2. d4 exd4 3. Nf3 Nc6 4. Nxd4 Nf6 5. Nxc6 bxc6 6. Bd3 d5 7. e5 Nd7 8.
Bf4 Nc5 9. Be2 Be7 10. O-O O-O 11. Nd2 Bf5 12. Nb3 Ne6 13. Bg3 Qd7 14. c4 Rfd8
15. Rc1 a5 16. Bg4 Bxg4 17. Qxg4 a4 18. Nd2 Rab8 19. cxd5 cxd5 20. b3 Rb4 21.
Qd1 Bg5 22. Rc2 Nd4 23. Rc3 Bxd2 24. Qxd2 axb3 25. axb3 Nxb3 26. Qd1 Rdb8 27.
e6 Qxe6 28. Bxc7 Rc8 29. Be5 d4 30. Rxc8+ Qxc8 31. Qd3 f6 32. Bd6 Rb6 33. Ba3
Qe6 34. g3 Ra6 35. Bb4 h6 36. Re1 Ra1 37. Rxa1 1/2-1/2

[Event "SR 2. liga A 2015/2016"]
[Site "?"]
[Date "2015.12.06"]
[Round "6.5"]
[White "Duben, Igor"]
[Black "Fabry, Robert"]
[Result "1-0"]
[WhiteElo "2220"]
[BlackElo "2114"]
[PlyCount "47"]
[EventDate "2015.??.??"]

1. d4 Nf6 2. Nf3 e6 3. Bf4 b6 4. e3 Bb7 5. Bd3 d5 6. O-O Bd6 7. Bg5 Nbd7 8.
Nbd2 h6 9. Bh4 g5 10. Bg3 Bxg3 11. hxg3 Ne4 12. c4 g4 13. cxd5 exd5 14. Nh4
Ndf6 15. Nxe4 dxe4 16. Bb5+ Kf8 17. Rc1 Rc8 18. Qa4 a5 19. Rfd1 Qd5 20. Bc6
Bxc6 21. Rxc6 Kg7 22. Rdc1 Qd7 23. Qb5 Nd5 24. Rg6+ 1-0

[Event "SR 2. liga A 2015/2016"]
[Site "?"]
[Date "2015.12.06"]
[Round "6.5"]
[White "Tepper, Frantisek"]
[Black "Oprea, Erik"]
[Result "0-1"]
[WhiteElo "2136"]
[BlackElo "2092"]
[PlyCount "71"]
[EventDate "2015.??.??"]

1. e4 e6 2. d4 d5 3. exd5 exd5 4. Nf3 h6 5. Bd3 Nf6 6. O-O Be7 7. Re1 Be6 8.
Nbd2 Nbd7 9. Nf1 O-O 10. Ng3 Re8 11. Bf4 c5 12. c3 c4 13. Bc2 b5 14. Qd2 Bf8
15. h3 a5 16. Re2 b4 17. Rae1 Qb6 18. Nf5 Bxf5 19. Bxf5 Rxe2 20. Rxe2 a4 21.
Ne5 Nb8 22. Nxf7 Ne4 23. Bxe4 dxe4 24. Ne5 Qb5 25. cxb4 a3 26. Qc3 Bxb4 27.
Qxc4+ Qxc4 28. Nxc4 Nc6 29. bxa3 Bxa3 30. Nxa3 Rxa3 31. Rxe4 Ra4 32. Be3 Kf7
33. Kh2 Ne7 34. Rf4+ Ke6 35. Re4+ Kd7 36. Kg3 {
( necitatelne zapisy, cierny vyhral, lebo bielemu zazvonil mobil )} 0-1

[Event "SR 2. liga A 2015/2016"]
[Site "?"]
[Date "2015.12.06"]
[Round "6.5"]
[White "Sosovicka, Jakub"]
[Black "Kolman, Richard"]
[Result "0-1"]
[WhiteElo "1793"]
[BlackElo "2070"]
[PlyCount "102"]
[EventDate "2015.??.??"]

1. e4 d6 2. d4 Nf6 3. Nc3 c6 4. Nf3 Bg4 5. Be2 e6 6. Be3 Be7 7. Qd2 b5 8. a3 a6
9. O-O Nbd7 10. Rad1 O-O 11. d5 cxd5 12. exd5 e5 13. h3 Bf5 14. Rfe1 Rc8 15.
Bg5 h6 16. Bxf6 Nxf6 17. Bd3 Bxd3 18. Qxd3 Nd7 19. Nd2 f5 20. Nb3 Qc7 21. Rd2
e4 22. Qe2 Bf6 23. Nd4 Bxd4 24. Rxd4 Qc5 25. Rdd1 Ne5 26. Rb1 Nc4 27. b4 Qd4
28. Rb3 Nb6 29. Qe3 Rc4 30. Rd1 Qxe3 31. fxe3 Rfc8 32. Ne2 Rxc2 33. Nd4 Rc1 34.
Rxc1 Rxc1+ 35. Kh2 g6 36. Nc6 Nxd5 37. Nd4 Rc3 38. Rxc3 Nxc3 39. Kg1 Kf7 40.
Kf2 Kf6 41. g3 Nb1 42. Nc2 Ke5 43. Ke2 g5 44. Kf2 f4 45. gxf4+ gxf4 46. exf4+
Kxf4 47. Kg2 e3 48. Kf1 Ke4 49. Ke2 Nc3+ 50. Ke1 Kd3 51. Na1 Nb1 0-1

[Event "SR 2. liga A 2015/2016"]
[Site "?"]
[Date "2015.12.06"]
[Round "6.5"]
[White "Sturc, Jan"]
[Black "Szollos, Ondrej"]
[Result "1/2-1/2"]
[WhiteElo "2047"]
[BlackElo "2054"]
[PlyCount "80"]
[EventDate "2015.??.??"]

1. e4 d6 2. d4 c6 3. Nf3 Qc7 4. Bf4 Bg4 5. Bc4 e6 6. h3 Bh5 7. a4 Nd7 8. Nc3 h6
9. Be2 Bxf3 10. Bxf3 e5 11. Bg3 Ngf6 12. d5 Be7 13. Bg4 Nc5 14. Qe2 Qb6 15.
O-O-O Qb4 16. Rhe1 O-O 17. Kb1 Nxa4 18. Nxa4 Qxa4 19. Rd3 Qa5 20. f4 cxd5 21.
fxe5 Nxe4 22. exd6 Bg5 23. Red1 Rad8 24. Rxd5 Nxg3 25. Rxa5 Nxe2 26. Bxe2 a6
27. Bf3 Rb8 28. d7 Rfd8 29. Rc5 b6 30. Rc7 Kf8 31. Bg4 g6 32. Bf3 Bf4 33. Rc4
Be5 34. Bc6 b5 35. Re4 f6 36. Re3 Rb6 37. Be4 Ke7 38. Bxg6 Rxd7 39. Rxd7+ Kxd7
40. Rd3+ Rd6 1/2-1/2

[Event "SR 2. liga A 2015/2016"]
[Site "?"]
[Date "2015.12.06"]
[Round "6.5"]
[White "Ochrana, Ladislav"]
[Black "Novacek, Vladimir"]
[Result "0-1"]
[WhiteElo "1935"]
[BlackElo "2039"]
[PlyCount "78"]
[EventDate "2015.??.??"]

1. e4 g6 2. d4 Bg7 3. Bc4 d6 4. Nc3 c6 5. Nge2 Nf6 6. Ng3 h5 7. f3 Nbd7 8. Bb3
h4 9. Nge2 Nh5 10. Nf4 Qa5 11. Bd2 Nxf4 12. Bxf4 b5 13. Qd2 Qb6 14. Be3 a5 15.
a3 Ba6 16. Ne2 b4 17. axb4 axb4 18. Bc4 Bb7 19. Rxa8+ Bxa8 20. O-O d5 21. Bb3
Bb7 22. Ra1 e6 23. Ra4 Bf8 24. Nf4 dxe4 25. fxe4 Nf6 26. e5 Ng4 27. Nd3 Nxe3
28. Qxe3 h3 29. g3 c5 30. dxc5 Qc6 31. Kf1 Rh5 32. Rxb4 Qg2+ 33. Ke1 Qh1+ 34.
Ke2 Qxh2+ 35. Nf2 Bg7 36. Ba4+ Kf8 37. c6 Ba6+ 38. Kf3 Qg2+ 39. Kg4 Bxe5 0-1

[Event "SR 2. liga A 2015/2016"]
[Site "?"]
[Date "2015.12.06"]
[Round "6.5"]
[White "Hudec, Jan"]
[Black "Kucera, Michal"]
[Result "1/2-1/2"]
[WhiteElo "2040"]
[BlackElo "1871"]
[PlyCount "78"]
[EventDate "2015.??.??"]

1. d4 Nf6 2. c4 e6 3. Nc3 Bb4 4. e3 O-O 5. Nf3 c5 6. Bd3 d5 7. O-O Nc6 8. a3
Ba5 9. dxc5 Bxc3 10. bxc3 Qa5 11. cxd5 exd5 12. Qc2 Qxc5 13. a4 Re8 14. Ba3 Qa5
15. Rab1 Qc7 16. h3 h6 17. Rfd1 Bd7 18. c4 dxc4 19. Bxc4 Be6 20. Bxe6 Rxe6 21.
Nd4 Re4 22. Rb5 Rc8 23. Rc5 Qb6 24. a5 Qa6 25. Nf5 Re6 26. Nd4 Ree8 27. Rc1
Nxd4 28. exd4 Rcd8 29. Bb2 Nd5 30. Qa4 Nf4 31. Rf1 Nd3 32. Rc2 b6 33. Bc3 bxa5
34. Bxa5 Rb8 35. Qc4 Qxa5 36. Qxd3 Rbd8 37. Rd1 Rd5 38. Rcd2 Red8 39. Qc4 Qb6
1/2-1/2

[Event "SR 2. liga A 2015/2016"]
[Site "?"]
[Date "2015.12.06"]
[Round "6.5"]
[White "Kosegi, Marek"]
[Black "Kuna, Vladimir"]
[Result "1-0"]
[WhiteElo "1909"]
[BlackElo "2021"]
[PlyCount "44"]
[EventDate "2015.??.??"]

1. e4 c5 2. Nf3 d6 3. d4 cxd4 4. Nxd4 Nf6 5. Nc3 a6 6. Be3 e6 7. f3 Qc7 8. Qd2
Be7 9. O-O-O b5 10. g4 h6 11. Rg1 Bb7 12. h4 Nfd7 13. g5 hxg5 14. hxg5 g6 15.
Bd3 Nc6 16. Nxc6 Bxc6 17. Rh1 O-O-O 18. Bd4 e5 19. Be3 Nc5 20. Kb1 d5 21. exd5
Bxd5 22. Nxd5 Rxd5 1-0

[Event "SR 2. liga A 2015/2016"]
[Site "?"]
[Date "2015.12.06"]
[Round "6.6"]
[White "Turna, Stefan"]
[Black "Rohacek, Miroslav"]
[Result "0-1"]
[WhiteElo "2190"]
[BlackElo "2294"]
[PlyCount "72"]
[EventDate "2015.??.??"]

1. d4 d5 2. Nf3 c5 3. g3 cxd4 4. Nxd4 Nf6 5. Bg2 e5 6. Nf3 Nc6 7. O-O h6 8. b3
Be6 9. Bb2 Qc7 10. Nbd2 Bc5 11. e3 O-O 12. c4 Rad8 13. cxd5 Nxd5 14. Qe2 Ndb4
15. Ne4 Be7 16. Rfd1 Rxd1+ 17. Rxd1 Nxa2 18. Nxe5 Nxe5 19. Bxe5 Qxe5 20. Qxa2
a5 21. Nd2 Qc7 22. Nc4 Bb4 23. Bd5 b5 24. Bxe6 fxe6 25. Na3 Bxa3 26. Qxa3 Qc2
27. Rf1 a4 28. bxa4 bxa4 29. Qd6 Qa2 30. f4 a3 31. Qe5 Rc8 32. f5 exf5 33. Qxf5
Qc4 34. Kg2 a2 35. e4 Ra8 36. Qe5 Qxf1+ 0-1

[Event "SR 2. liga A 2015/2016"]
[Site "?"]
[Date "2015.12.06"]
[Round "6.6"]
[White "Karas, Marek"]
[Black "Jancovic, Peter"]
[Result "1-0"]
[WhiteElo "2288"]
[BlackElo "2179"]
[PlyCount "133"]
[EventDate "2015.??.??"]

1. d4 d5 2. c4 e6 3. Nf3 Nf6 4. g3 c5 5. cxd5 Nxd5 6. dxc5 Nc6 7. Bg2 Bxc5 8.
O-O O-O 9. Qc2 Qb6 10. a3 Nd4 11. Nxd4 Bxd4 12. e3 Bf6 13. e4 Ne7 14. Nc3 Nc6
15. Be3 Nd4 16. Qa4 Rd8 17. Rad1 Bd7 18. Qb4 Qxb4 19. axb4 Nc2 20. Bc5 Be8 21.
e5 Bxe5 22. Bxb7 Rxd1 23. Rxd1 Rb8 24. Be4 Nxb4 25. Bxa7 Rc8 26. Bb7 Rc7 27.
Rd8 f6 28. Rxe8+ Kf7 29. Rb8 Rd7 30. Be4 Bxb8 31. Bxb8 Rd2 32. Na4 Nd3 33. Bxd3
Rxd3 34. Bf4 Rb3 35. Bd2 Ke7 36. Kf1 Kd6 37. Ke2 Kc6 38. Bc1 Kb5 39. Nc3+ Kc4
40. Nd1 Rb5 41. Bd2 Kb3 42. Bc3 Rd5 43. Ne3 Rd7 44. f4 Rd8 45. Nf1 Ra8 46. Nd2+
Kc2 47. Nf3 Ra6 48. Nd4+ Kc1 49. b4 e5 50. fxe5 fxe5 51. Nf3 e4 52. Bd2+ Kb2
53. Nd4 e3 54. Kxe3 Rh6 55. h4 Rg6 56. Be1 Ka3 57. b5 Ka4 58. Ke4 Rd6 59. Bd2
Rg6 60. Bf4 Kb4 61. Kd5 h5 62. Bd6+ Ka5 63. Kc5 Rf6 64. Bc7+ Ka4 65. b6 Rf7 66.
Kc6 Rf6+ 67. Bd6 1-0

[Event "SR 2. liga A 2015/2016"]
[Site "?"]
[Date "2015.12.06"]
[Round "6.6"]
[White "Slapak, Zdenek"]
[Black "Sahidi, Samir"]
[Result "0-1"]
[WhiteElo "2120"]
[BlackElo "2191"]
[PlyCount "96"]
[EventDate "2015.??.??"]

1. Nf3 Nf6 2. c4 c5 3. Nc3 g6 4. b3 Bg7 5. Bb2 O-O 6. e3 d5 7. Nxd5 Nxd5 8.
Bxg7 Nxe3 9. dxe3 Kxg7 10. Be2 Nc6 11. O-O Bf5 12. Qc1 f6 13. Qc3 e5 14. Rfd1
Qe7 15. a3 a5 16. Rd2 Rfd8 17. Rad1 Rxd2 18. Rxd2 e4 19. Ne1 Rd8 20. Nc2 Rxd2
21. Qxd2 Qd7 22. Qc3 Qd6 23. h3 Kf7 24. a4 Qe5 25. Qxe5 Nxe5 26. Na3 Bd7 27.
Nb1 f5 28. f4 exf3 29. gxf3 Bc6 30. Kf2 Nd7 31. Nc3 Nf6 32. Bd3 Ke6 33. Ne2 Nd7
34. Nf4+ Kf6 35. Be2 Ne5 36. h4 h6 37. Kg3 g5 38. hxg5+ hxg5 39. Nh3 Bxf3 40.
Bxf3 Nxf3 41. Kxf3 g4+ 42. Kg3 gxh3 43. Kxh3 Ke5 44. Kg3 Ke4 45. Kf2 Kd3 46.
Kf3 Kd2 47. Kf4 b6 48. Kf3 Ke1 0-1

[Event "SR 2. liga A 2015/2016"]
[Site "?"]
[Date "2015.12.06"]
[Round "6.6"]
[White "Kralovic, Andrej"]
[Black "Kolcak, Marek"]
[Result "1-0"]
[WhiteElo "2226"]
[BlackElo "2068"]
[PlyCount "77"]
[EventDate "2015.??.??"]

1. e4 e6 2. d4 d5 3. Nc3 Bb4 4. a3 Bxc3+ 5. bxc3 dxe4 6. Qg4 Nf6 7. Qxg7 Rg8 8.
Qh6 Rg6 9. Qd2 Bd7 10. Ne2 Bc6 11. Nf4 Rg8 12. Bb2 e5 13. Ne2 Ng4 14. Ng3 f5
15. Bc4 Bd5 16. Bxd5 Qxd5 17. Nxf5 exd4 18. Nxd4 Na6 19. c4 e3 20. cxd5 exd2+
21. Kxd2 O-O-O 22. c4 Nxf2 23. Rhg1 Nc5 24. Raf1 Nfd3 25. Bc3 c6 26. Nf5 Rge8
27. Bf6 Ne4+ 28. Kxd3 Nxf6 29. Ng7 Re7 30. Rxf6 Rxg7 31. d6 c5 32. Ke4 Kd7 33.
g3 Rg4+ 34. Rf4 Rxf4+ 35. Kxf4 Kxd6 36. Rd1+ Kc7 37. Rxd8 Kxd8 38. Ke5 b6 39.
Kd6 1-0

[Event "SR 2. liga A 2015/2016"]
[Site "?"]
[Date "2015.12.06"]
[Round "6.6"]
[White "Cambel, Vladimir"]
[Black "Macko, Miroslav"]
[Result "0-1"]
[WhiteElo "2058"]
[BlackElo "2123"]
[PlyCount "38"]
[EventDate "2015.??.??"]

1. Nf3 Nf6 2. c4 g6 3. g3 Bg7 4. Bg2 O-O 5. O-O c6 6. d4 d5 7. b3 Bf5 8. Bb2
Qb6 9. Nbd2 Ne4 10. e3 Nxd2 11. Qxd2 Be4 12. Ne5 Bxg2 13. Kxg2 Rd8 14. f4 Nd7
15. Nxd7 Rxd7 16. f5 dxc4 17. fxg6 fxg6 18. Ba3 cxb3 19. Bc5 Qxc5 0-1